Song of Solomon /

Tallennettuna:
Bibliografiset tiedot
Päätekijä: Morrison, Toni
Aineistotyyppi: Sách giấy
Kieli:English
Julkaistu: London : David Campbell , 1995
Tagit: Lisää tagi
Ei tageja, Lisää ensimmäinen tagi!
Thư viện lưu trữ: Thư viện Trường Đại học Đà Lạt
LEADER 00531nam a2200241 4500
001 DLU020018414
005 ##9/24/2001
020 # # |a 978- 
041 # # |a eng 
082 # # |a 813  |b MO-T 
100 # # |a Morrison, Toni 
245 # # |a Song of Solomon /  |c Toni Morrison 
260 # # |a London :  |b David Campbell ,  |c 1995 
300 # # |a XX, 362 tr.;   |c 21 cm. 
992 # # |a 0 
994 # # |a DLU 
900 # # |a False 
911 # # |a Administrator 
925 # # |a G 
926 # # |a A 
927 # # |a SH 
980 # # |a Thư viện Trường Đại học Đà Lạt